Super Smas Bros WiiU & 3DS Charaktere Deutsch - Statistiken

Allgemein
  • Dieses Quiz wurde 169 mal gespielt
    168 seit der letzten Aktualisierung
  • Das Durchschnittsergebnis liegt bei 26 aus 61
Antwortstatistiken
Hint Antwort % Korrekt
Mario
100%
Luigi
96%
Peach
95%
Bowser
90%
Link
77%
Zelda
76%
Pikachu
74%
Wario
74%
Donkey Kong
69%
Yoshi
66%
Bowser Jr
63%
Diddy Kong
62%
Kirby
59%
Ganondorf
55%
Glurak
55%
Pummeluff
55%
Fox
52%
Samus
51%
Lucario
48%
Toonlink
46%
Falco
45%
Ness
45%
Sonic
45%
Marth
44%
Mewtu
42%
König Dedede
41%
Roy
41%
Roy
41%
Ike
40%
Lucas
40%
Shiek
40%
Pit
39%
Meta Knight
38%
Captain Falcon
35%
Pacman
35%
Zero Suit Samus
34%
Palutena
33%
Quajutsu
31%
Bewohner
30%
Lucina
30%
Megaman
30%
Olimar
30%
Iggy
29%
Ludwig
29%
ROB
29%
Lemmy
28%
Wendy
28%
Finsterer Pit
27%
Larry
27%
Morton
27%
Rosalina und Luma
27%
Daraen
26%
Mr Game&Watch
24%
Duck Hunt Duo
23%
Wii Fit Trainer
23%
Little Mac
22%
Ryu
22%
Shulk
22%
Doktor Mario
16%
Alph
11%
Mii Kämpfer
8%
Keine übereinstimmenden Quizze gefunden
Verteilung der Resultate
Anzahl Personen mit jedem Resultat
Perzentil nach korrekt beantworteten Fragen
Ihre Resultats-Entwicklung
Sie haben dieses Quiz seit der letzten Aktualisierung nicht gespielt